00525nam a2200145Ia 4500008004100000020002200041041000800063082002100071100002400092245001100116260003300127300000900160999001900169952019100188230411s9999 xx 000 0 und d a978-0-00-811804-4 aeng aX/820/TOL/B08123 aTolkien J R9179835 aHobbit bHarper CollinsaLondonc1978 a390p c158013d158013 001040708XaBTINbBTINd2016-02-06ePritam Book Centreg399.00i9777l5m2oX 820 TOL B08123pBTIN-BK-8123q2026-04-07r2026-03-20 16:00:31s2026-03-20v319.20w2016-02-06yBKzB08123